000 00705nam a2200253Ia 4500
003 OSt
005 20220927111207.0
006 a|||||r|||| 00| 0
007 ta
008 220926b |||||||| |||| 00| 0 eng d
024 _a103303
037 _cReports
040 _aRTL
_cRTL
_beng
041 _2eng
_aeng
082 _a"z.213Js, L5/GD"
110 _a"Karnataka, Planning (Deptt)"
_9381595
245 0 _aTalukawise plan statistics
_b Mandya district
260 _aBangalore
_bGovt Press India
_c1975
490 _v1969 to 1974-75
650 _aGeneralia
700 _a"Karnataka, Planning (Deptt)"
_9381596
942 _h"z.213Js, L5/GD"
_cCC
999 _c698800
_d698800